[Event "LUX-ch U18"]
[Site "Bonnevoie"]
[Date "2000.02.28"]
[Round "3"]
[White "Dupont, Marc"]
[Black "Muller, Bob"]
[Result "0-1"]
[WhiteElo "1350"]
[BlackElo "1300"]
[PlyCount "38"]
[EventDate "2000.02.26"]
[EventType "swiss"]
[EventRounds "7"]
[EventCountry "LUX"]
[SourceTitle "EXT 2005"]
[Source "ChessBase"]
[SourceDate "2004.11.15"]
[SourceVersion "1"]
[SourceVersionDate "2004.11.15"]
[SourceQuality "1"]

1. d4 d5 2. Nf3 Nc6 3. c3 Nf6 4. Bg5 e6 5. Nbd2 e5 6. dxe5 Nxe5 7. Nxe5 Bd6 8. Ndf3 Be6 9. Bxf6 gxf6 10. Nd3 0-0 11. e3 Re8 12. Be2 Kf8 13. 0-0 Bg4 14. Rc1 Rc8 15. Rb1 Bxf3 16. Bxf3 h6 17. Bxd5 f5 18. b4 Qh4 19. a3 Qxh2# 0-1